[Event "DEM U10w 2021"]
[Site "Willingen GER"]
[Date "2021.08.24"]
[Round "3"]
[White "Guliyeva, Zahra"]
[Black "Mader, Theresa"]
[Result "0-1"]
[Termination "normal"]
[Board "12"]
[WhiteElo "783"]
[BlackElo "1078"]
[WhiteClock "01:11:03"]
[BlackClock "00:55:11"]
[PlyCount "86"]
[WhiteFideId "34630198"]
[BlackFideId "34605657"]
[EventCountry "GER"]
[EventRounds "11"]
[EventType "swiss"]
[EventDate "2021.08.22"]

1. e4 {[%clk 01:15:52]} {[%emt 00:00:02]} c6 {[%clk 01:15:58]} {[%emt
00:00:07]} 2. d4 {[%clk 01:16:13]} {[%emt 00:00:09]} d5 {[%clk 01:16:18]}
{[%emt 00:00:10]} 3. Nc3 {[%clk 01:16:35]} {[%emt 00:00:09]} dxe4 {[%clk
01:16:31]} {[%emt 00:00:16]} 4. Nxe4 {[%clk 01:16:55]} {[%emt 00:00:10]} Bf5
{[%emt 00:00:17]} 5. Ng3 {[%emt 00:00:08]} Bg6 {[%clk 01:16:15]} {[%emt
00:00:21]} 6. Nf3 {[%clk 01:17:00]} {[%emt 00:00:10]} e6 {[%clk 01:16:18]}
{[%emt 00:00:42]} 7. Bd3 {[%clk 01:17:18]} {[%emt 00:00:12]} Bxd3 {[%clk
01:16:03]} {[%emt 00:00:44]} 8. Qxd3 {[%clk 01:17:35]} {[%emt 00:00:14]} Nf6
{[%clk 01:15:59]} {[%emt 00:00:34]} 9. Bg5 {[%clk 01:17:55]} {[%emt 00:00:10]}
h6 {[%clk 01:15:48]} {[%emt 00:01:05]} 10. Bf4 {[%clk 01:16:43]} {[%emt
00:01:37]} Nbd7 {[%clk 01:15:32]} {[%emt 00:00:51]} 11. O-O {[%clk 01:16:50]}
{[%emt 00:00:23]} Nb6 {[%clk 01:14:52]} {[%emt 00:01:11]} 12. b3 {[%clk
01:16:08]} {[%emt 00:01:07]} Nbd5 {[%clk 01:14:24]} {[%emt 00:01:03]} 13. Bd2
{[%clk 01:15:55]} {[%emt 00:00:36]} Bd6 {[%emt 00:02:13]} 14. Ne2 {[%clk
01:15:20]} {[%emt 00:00:02]} Qc7 {[%clk 01:12:37]} {[%emt 00:01:44]} 15. g3
{[%clk 01:15:21]} {[%emt 00:00:24]} O-O {[%clk 01:11:01]} {[%emt 00:02:11]} 16.
c4 {[%clk 01:15:23]} {[%emt 00:00:28]} Nb4 {[%clk 01:10:04]} {[%emt 00:01:27]}
17. Qb1 {[%clk 01:13:46]} {[%emt 00:00:30]} Na6 {[%clk 01:10:18]} {[%emt
00:01:53]} 18. Nc3 {[%clk 01:13:33]} {[%emt 00:00:36]} Rad8 {[%clk 01:09:15]}
{[%emt 00:01:39]} 19. Ne4 {[%clk 01:13:48]} {[%emt 00:00:14]} Nxe4 {[%clk
01:08:47]} {[%emt 00:01:00]} 20. Qxe4 {[%clk 01:13:12]} {[%emt 00:00:20]} Be7
{[%clk 01:09:01]} {[%emt 00:01:02]} 21. d5 {[%clk 01:13:07]} {[%emt 00:00:28]}
exd5 {[%clk 01:08:04]} {[%emt 00:01:34]} 22. Qd4 {[%clk 01:13:24]} {[%emt
00:00:10]} Bf6 {[%clk 01:07:41]} {[%emt 00:00:56]} 23. Qe3 {[%clk 01:12:55]}
{[%emt 00:00:26]} Bxa1 {[%clk 01:07:34]} {[%emt 00:01:09]} 24. Rxa1 {[%clk
01:12:53]} {[%emt 00:00:23]} b6 {[%clk 01:05:01]} {[%emt 00:03:12]} 25. Qd4
{[%clk 01:13:16]} {[%emt 00:00:07]} Qd7 {[%clk 01:01:12]} {[%emt 00:04:21]} 26.
Bc3 {[%clk 01:13:34]} {[%emt 00:00:11]} f6 {[%clk 01:01:10]} {[%emt 00:00:31]}
27. Ne5 {[%clk 01:13:25]} {[%emt 00:00:33]} fxe5 {[%clk 01:01:09]} {[%emt
00:00:37]} 28. Qxe5 {[%clk 01:13:37]} {[%emt 00:00:10]} Rde8 {[%clk 01:00:09]}
{[%emt 00:01:38]} 29. Qd4 {[%clk 01:13:40]} {[%emt 00:00:21]} Nc5 {[%clk
00:59:11]} {[%emt 00:01:34]} 30. b4 {[%clk 01:13:13]} {[%emt 00:00:54]} Ne4
{[%clk 00:58:25]} {[%emt 00:01:20]} 31. Bb2 {[%clk 01:11:58]} {[%emt 00:00:12]}
Nf6 {[%clk 00:57:25]} {[%emt 00:03:03]} 32. cxd5 {[%clk 01:11:20]} {[%emt
00:00:44]} Qxd5 {[%clk 00:57:12]} {[%emt 00:01:07]} 33. Qc3 {[%clk 01:11:27]}
{[%emt 00:00:13]} Qf7 {[%clk 00:54:30]} {[%emt 00:03:23]} 34. Rd1 {[%clk
01:11:36]} {[%emt 00:00:07]} Ne4 {[%clk 00:54:26]} {[%emt 00:00:47]} 35. Qd4
{[%clk 01:11:19]} {[%emt 00:00:34]} Qxf2+ {[%clk 00:54:36]} {[%emt 00:00:33]}
36. Kh1 {[%clk 01:11:18]} {[%emt 00:00:20]} Qxd4 {[%clk 00:54:44]} {[%emt
00:00:32]} 37. Rxd4 {[%clk 01:10:52]} {[%emt 00:00:04]} Rf2 {[%clk 00:54:49]}
{[%emt 00:01:17]} 38. Rd7 {[%clk 01:10:34]} {[%emt 00:00:34]} Rxb2 {[%clk
00:55:06]} {[%emt 00:00:28]} 39. g4 {[%clk 01:10:27]} {[%emt 00:00:20]} Rf8
{[%clk 00:55:10]} {[%emt 00:00:43]} 40. Rd1 {[%clk 01:10:31]} {[%emt 00:00:19]}
Nf2+ {[%clk 00:54:59]} {[%emt 00:00:48]} 41. Kg1 {[%clk 01:10:34]} {[%emt
00:00:17]} Nxd1 {[%clk 00:55:19]} {[%emt 00:00:19]} 42. a3 {[%clk 01:10:49]}
{[%emt 00:00:09]} Rff2 {[%clk 00:55:18]} {[%emt 00:00:38]} 43. Kh1 {[%clk
01:11:03]} {[%emt 00:00:09]} Rf1# {[%clk 00:55:11]} {[%emt 00:00:13]} 0-1

[Event "DEM U10w 2021"]
[Site "Willingen GER"]
[Date "2021.08.24"]
[Round "3"]
[White "Ramakrishnan, Veda"]
[Black "Tu, Audrey"]
[Result "1-0"]
[Termination "normal"]
[Board "13"]
[WhiteElo "1009"]
[BlackElo "913"]
[WhiteClock "00:36:46"]
[BlackClock "00:16:23"]
[PlyCount "127"]
[WhiteFideId "16269519"]
[BlackFideId "34628568"]
[EventCountry "GER"]
[EventRounds "11"]
[EventType "swiss"]
[EventDate "2021.08.22"]

1. e4 {[%clk 01:15:59]} e5 {[%clk 01:15:50]} {[%emt 00:00:10]} 2. f4 {[%clk
01:16:23]} {[%emt 00:00:07]} d5 {[%clk 01:16:06]} {[%emt 00:00:14]} 3. exd5
{[%clk 01:16:38]} {[%emt 00:00:14]} exf4 {[%clk 01:16:20]} {[%emt 00:00:17]} 4.
Nf3 {[%clk 01:16:18]} {[%emt 00:00:49]} Nf6 {[%clk 01:16:09]} {[%emt 00:00:41]}
5. Bc4 {[%clk 01:15:48]} {[%emt 00:01:00]} c6 {[%clk 01:14:27]} {[%emt
00:02:11]} 6. dxc6 {[%clk 01:15:27]} {[%emt 00:00:51]} Nxc6 {[%clk 01:14:34]}
{[%emt 00:00:23]} 7. d4 {[%clk 01:15:46]} {[%emt 00:00:12]} Bd6 {[%clk
01:14:30]} {[%emt 00:00:33]} 8. Nc3 {[%clk 01:15:05]} {[%emt 00:01:10]} Bg4
{[%clk 01:12:50]} {[%emt 00:02:10]} 9. O-O {[%clk 01:14:18]} {[%emt 00:01:18]}
O-O {[%clk 01:12:23]} {[%emt 00:00:57]} 10. d5 {[%clk 01:13:26]} {[%emt
00:01:21]} Ne5 {[%clk 01:10:09]} {[%emt 00:02:44]} 11. Be2 {[%clk 01:12:34]}
{[%emt 00:01:20]} Nxf3+ {[%clk 01:03:21]} {[%emt 00:07:18]} 12. Bxf3 {[%clk
01:12:51]} {[%emt 00:00:15]} Bf5 {[%clk 01:01:25]} {[%emt 00:02:25]} 13. Re1
{[%clk 01:11:50]} {[%emt 00:01:31]} Qb6+ {[%clk 00:55:22]} {[%emt 00:06:34]}
14. Kh1 {[%clk 01:11:22]} {[%emt 00:00:55]} Rfe8 {[%clk 00:48:39]} {[%emt
00:07:16]} 15. b3 {[%clk 01:09:49]} {[%emt 00:02:03]} Qf2 {[%clk 00:43:44]}
{[%emt 00:05:23]} 16. Re2 {[%clk 01:04:51]} {[%emt 00:05:29]} Qb6 {[%clk
00:32:01]} {[%emt 00:12:15]} 17. Bb2 {[%clk 01:03:14]} {[%emt 00:02:05]} Qa6
{[%clk 00:29:25]} {[%emt 00:03:06]} 18. Qd2 {[%clk 01:01:16]} {[%emt 00:02:29]}
Bg4 {[%clk 00:27:12]} {[%emt 00:02:42]} 19. Rae1 {[%clk 00:55:59]} {[%emt
00:05:37]} Bxf3 {[%clk 00:26:12]} {[%emt 00:01:39]} 20. gxf3 {[%clk 00:55:59]}
{[%emt 00:00:31]} Bb4 {[%clk 00:24:53]} {[%emt 00:01:48]} 21. a3 {[%clk
00:53:31]} {[%emt 00:02:59]} Rxe2 {[%clk 00:23:34]} {[%emt 00:01:49]} 22. Rxe2
{[%clk 00:48:21]} {[%emt 00:05:40]} Re8 {[%clk 00:22:16]} {[%emt 00:01:48]} 23.
axb4 {[%clk 00:47:04]} {[%emt 00:01:48]} Re3 {[%clk 00:18:43]} {[%emt
00:04:03]} 24. Kg2 {[%clk 00:45:11]} {[%emt 00:02:19]} Rxe2+ {[%clk 00:17:24]}
{[%emt 00:01:51]} 25. Qxe2 {[%clk 00:44:50]} {[%emt 00:00:52]} Qxe2+ {[%clk
00:17:25]} {[%emt 00:00:30]} 26. Nxe2 {[%clk 00:45:10]} {[%emt 00:00:11]} Nxd5
{[%clk 00:17:46]} {[%emt 00:00:08]} 27. c3 {[%clk 00:43:47]} {[%emt 00:01:52]}
Ne3+ {[%clk 00:17:49]} {[%emt 00:00:27]} 28. Kh3 {[%clk 00:43:22]} {[%emt
00:00:55]} Nd1 {[%clk 00:17:59]} {[%emt 00:00:20]} 29. Ba1 {[%clk 00:42:16]}
{[%emt 00:01:29]} g5 {[%clk 00:17:14]} {[%emt 00:01:22]} 30. c4 {[%clk
00:41:25]} {[%emt 00:01:21]} f5 {[%clk 00:16:38]} {[%emt 00:01:08]} 31. b5
{[%clk 00:40:52]} {[%emt 00:01:02]} Ne3 {[%clk 00:16:16]} {[%emt 00:00:52]} 32.
c5 {[%clk 00:40:43]} {[%emt 00:00:39]} h5 {[%clk 00:16:03]} {[%emt 00:00:43]}
33. Nxf4 {[%clk 00:37:52]} {[%emt 00:03:21]} gxf4 {[%clk 00:15:34]} {[%emt
00:00:59]} 34. Kh4 {[%clk 00:37:19]} {[%emt 00:00:57]} b6 {[%clk 00:14:19]}
{[%emt 00:01:50]} 35. c6 {[%clk 00:36:52]} {[%emt 00:00:52]} Nd5 {[%clk
00:13:58]} {[%emt 00:00:56]} 36. Be5 {[%clk 00:36:10]} {[%emt 00:01:12]} Ne7
{[%clk 00:13:54]} {[%emt 00:00:34]} 37. Kxh5 {[%clk 00:35:37]} {[%emt
00:01:02]} Kf7 {[%clk 00:13:31]} {[%emt 00:00:55]} 38. Bxf4 {[%clk 00:35:25]}
{[%emt 00:00:37]} Ke6 {[%clk 00:13:56]} {[%emt 00:00:09]} 39. Kg5 {[%clk
00:35:15]} {[%emt 00:00:35]} a5 {[%emt 00:03:34]} 40. bxa6 {[%clk 00:33:39]}
{[%emt 00:00:11]} Nc8 {[%clk 00:12:47]} {[%emt 00:00:52]} 41. h4 {[%clk
00:33:57]} {[%emt 00:00:39]} b5 {[%clk 00:12:29]} {[%emt 00:00:48]} 42. h5
{[%clk 00:33:55]} {[%emt 00:00:33]} Kf7 {[%clk 00:12:01]} {[%emt 00:00:58]} 43.
h6 {[%clk 00:34:09]} {[%emt 00:00:15]} Kg8 {[%clk 00:11:53]} {[%emt 00:00:38]}
44. Be5 {[%clk 00:33:46]} {[%emt 00:00:54]} Kh7 {[%clk 00:11:56]} {[%emt
00:00:27]} 45. Kxf5 {[%clk 00:33:10]} {[%emt 00:01:04]} b4 {[%clk 00:11:57]}
{[%emt 00:00:31]} 46. Ke6 {[%clk 00:32:51]} {[%emt 00:00:45]} Kxh6 {[%clk
00:12:10]} {[%emt 00:00:20]} 47. Kd7 {[%clk 00:33:14]} {[%emt 00:00:07]} Na7
{[%clk 00:12:27]} {[%emt 00:00:14]} 48. c7 {[%clk 00:33:32]} {[%emt 00:00:11]}
Kg5 {[%clk 00:12:39]} {[%emt 00:00:19]} 49. c8=Q {[%clk 00:33:47]} {[%emt
00:00:10]} Nxc8 {[%clk 00:13:06]} {[%emt 00:00:06]} 50. Kxc8 {[%clk 00:34:09]}
{[%emt 00:00:09]} Kf5 {[%clk 00:13:11]} {[%emt 00:00:25]} 51. a7 {[%clk
00:34:31]} {[%emt 00:00:07]} Kxe5 {[%clk 00:13:34]} {[%emt 00:00:09]} 52. a8=Q
{[%emt 00:00:08]} Kd4 {[%clk 00:13:39]} {[%emt 00:00:23]} 53. Qe4+ {[%clk
00:34:35]} {[%emt 00:00:49]} Kc5 {[%clk 00:13:33]} {[%emt 00:00:36]} 54. f4
{[%clk 00:34:57]} {[%emt 00:00:09]} Kd6 {[%clk 00:13:50]} {[%emt 00:00:14]} 55.
Qxb4+ {[%clk 00:34:55]} {[%emt 00:00:32]} Ke6 {[%clk 00:14:06]} {[%emt
00:00:14]} 56. Qe4+ {[%clk 00:35:05]} {[%emt 00:00:19]} Kd6 {[%clk 00:14:19]}
{[%emt 00:00:18]} 57. f5 {[%clk 00:35:27]} {[%emt 00:00:08]} Kc5 {[%clk
00:14:36]} {[%emt 00:00:12]} 58. f6 {[%clk 00:35:47]} {[%emt 00:00:09]} Kd6
{[%clk 00:15:00]} {[%emt 00:00:06]} 59. f7 {[%clk 00:36:12]} {[%emt 00:00:06]}
Kc5 {[%clk 00:15:16]} {[%emt 00:00:14]} 60. f8=Q+ {[%clk 00:36:25]} {[%emt
00:00:16]} Kb5 {[%clk 00:15:33]} {[%emt 00:00:13]} 61. Qc4+ {[%clk 00:36:34]}
{[%emt 00:00:21]} Kb6 {[%clk 00:15:41]} {[%emt 00:00:23]} 62. Qfb4+ {[%clk
00:36:20]} {[%emt 00:00:43]} Ka7 {[%clk 00:16:07]} {[%emt 00:00:06]} 63. Qc7+
{[%clk 00:36:25]} {[%emt 00:00:23]} Ka6 {[%clk 00:16:23]} {[%emt 00:00:15]} 64.
Qcb6# {[%clk 00:36:46]} {[%emt 00:00:08]} 1-0

[Event "DEM U10w 2021"]
[Site "Willingen GER"]
[Date "2021.08.24"]
[Round "3"]
[White "Fruth, Julia"]
[Black "Wilke, Ronja"]
[Result "1-0"]
[Termination "normal"]
[Board "14"]
[WhiteElo "1007"]
[BlackElo "823"]
[WhiteClock "00:15:38"]
[BlackClock "01:19:56"]
[PlyCount "115"]
[WhiteFideId "34603050"]
[BlackFideId "16288378"]
[EventCountry "GER"]
[EventRounds "11"]
[EventType "swiss"]
[EventDate "2021.08.22"]

1. e4 {[%clk 01:15:58]} {[%emt 00:00:01]} e5 {[%clk 01:15:56]} {[%emt
00:00:05]} 2. Nf3 {[%clk 01:16:20]} {[%emt 00:00:07]} Nc6 {[%clk 01:16:22]}
{[%emt 00:00:04]} 3. d4 {[%clk 01:16:31]} {[%emt 00:00:17]} exd4 {[%clk
01:16:41]} {[%emt 00:00:11]} 4. Nxd4 {[%clk 01:16:40]} {[%emt 00:00:22]} Nf6
{[%clk 01:17:04]} {[%emt 00:00:07]} 5. Nc3 {[%clk 01:16:52]} {[%emt 00:00:19]}
Bb4 {[%clk 01:17:26]} {[%emt 00:00:07]} 6. Nxc6 {[%clk 01:16:09]} {[%emt
00:01:13]} bxc6 {[%clk 01:17:45]} {[%emt 00:00:08]} 7. Bg5 {[%clk 01:15:47]}
{[%emt 00:00:56]} O-O {[%clk 01:17:43]} {[%emt 00:00:31]} 8. Be2 {[%clk
01:14:34]} {[%emt 00:01:38]} Re8 {[%clk 01:17:58]} {[%emt 00:00:19]} 9. O-O
{[%clk 01:14:12]} {[%emt 00:00:51]} Bxc3 {[%clk 01:18:14]} {[%emt 00:00:14]}
10. bxc3 {[%clk 01:13:23]} {[%emt 00:01:19]} Rxe4 {[%clk 01:18:28]} {[%emt
00:00:14]} 11. Qd3 {[%clk 01:11:55]} {[%emt 00:02:00]} Re5 {[%clk 01:18:15]}
{[%emt 00:00:43]} 12. Be3 {[%clk 01:09:21]} {[%emt 00:02:58]} d6 {[%clk
01:18:14]} {[%emt 00:00:38]} 13. Bd4 {[%clk 01:07:43]} {[%emt 00:02:07]} Re6
{[%clk 01:17:59]} {[%emt 00:00:45]} 14. Bc5 {[%clk 01:04:31]} {[%emt 00:03:42]}
Bb7 {[%clk 01:18:02]} {[%emt 00:00:27]} 15. Rad1 {[%clk 00:57:57]} {[%emt
00:07:01]} a5 {[%clk 01:17:43]} {[%emt 00:00:52]} 16. Be3 {[%clk 00:51:43]}
{[%emt 00:06:42]} Ba6 {[%clk 01:16:49]} {[%emt 00:01:27]} 17. c4 {[%clk
00:50:07]} {[%emt 00:02:04]} d5 {[%clk 01:17:03]} {[%emt 00:00:19]} 18. f4
{[%clk 00:48:45]} {[%emt 00:01:48]} Bxc4 {[%clk 01:17:13]} {[%emt 00:00:21]}
19. Qd2 {[%clk 00:47:22]} {[%emt 00:00:56]} Bxa2 {[%clk 01:17:24]} {[%emt
00:01:16]} 20. c4 {[%clk 00:42:02]} {[%emt 00:05:50]} g6 {[%clk 01:16:05]}
{[%emt 00:01:50]} 21. Rf3 {[%clk 00:40:29]} {[%emt 00:01:57]} Ne4 {[%clk
01:15:18]} {[%emt 00:01:24]} 22. Qxa2 {[%clk 00:39:37]} {[%emt 00:01:22]} Nc3
{[%clk 01:15:37]} {[%emt 00:00:11]} 23. Qd2 {[%clk 00:39:41]} {[%emt 00:00:20]}
Nxd1 {[%clk 01:15:55]} {[%emt 00:00:17]} 24. Qxd1 {[%clk 00:38:53]} {[%emt
00:01:17]} dxc4 {[%clk 01:15:57]} {[%emt 00:00:28]} 25. Qxd8+ {[%emt 00:03:12]}
Rxd8 {[%emt 00:00:09]} 26. Bxc4 {[%clk 00:34:04]} {[%emt 00:01:58]} Rd1+ {[%clk
01:16:17]} {[%emt 00:00:11]} 27. Kf2 {[%clk 00:34:01]} {[%emt 00:00:30]} Re4
{[%clk 01:16:22]} {[%emt 00:00:26]} 28. Ke2 {[%clk 00:31:52]} {[%emt 00:02:39]}
Rd8 {[%clk 01:16:36]} {[%emt 00:00:18]} 29. Bd3 {[%clk 00:30:44]} {[%emt
00:01:33]} Ree8 {[%clk 01:16:36]} {[%emt 00:00:33]} 30. f5 {[%clk 00:28:56]}
{[%emt 00:02:18]} Ra8 {[%clk 01:16:41]} {[%emt 00:00:27]} 31. fxg6 {[%clk
00:28:24]} {[%emt 00:01:03]} fxg6 {[%clk 01:16:59]} {[%emt 00:00:10]} 32. Bc4+
{[%clk 00:28:29]} {[%emt 00:00:26]} Kg7 {[%clk 01:16:29]} {[%emt 00:01:00]} 33.
Rf7+ {[%clk 00:26:43]} {[%emt 00:02:16]} Kh8 {[%clk 01:16:14]} {[%emt
00:01:03]} 34. Kf3 {[%clk 00:23:31]} {[%emt 00:03:40]} Rxe3+ {[%clk 01:16:36]}
{[%emt 00:00:10]} 35. Kxe3 {[%clk 00:23:40]} {[%emt 00:00:21]} a4 {[%clk
01:16:42]} {[%emt 00:00:25]} 36. h4 {[%clk 00:23:29]} {[%emt 00:00:40]} a3
{[%clk 01:16:51]} {[%emt 00:00:23]} 37. Rf2 {[%clk 00:22:52]} {[%emt 00:01:00]}
Kg7 {[%clk 01:17:04]} {[%emt 00:00:24]} 38. g4 {[%clk 00:21:58]} {[%emt
00:01:21]} c5 {[%clk 01:16:34]} {[%emt 00:01:01]} 39. Kd3 {[%clk 00:20:58]}
{[%emt 00:01:28]} Kh6 {[%clk 01:16:43]} {[%emt 00:00:23]} 40. Kc3 {[%clk
00:20:14]} {[%emt 00:01:14]} c6 {[%clk 01:16:43]} {[%emt 00:00:32]} 41. Kb3
{[%clk 00:20:14]} {[%emt 00:00:28]} Kg7 {[%clk 01:16:41]} {[%emt 00:00:34]} 42.
Ra2 {[%clk 00:20:21]} {[%emt 00:00:21]} Kf6 {[%clk 01:16:57]} {[%emt 00:00:14]}
43. Rxa3 {[%clk 00:20:11]} {[%emt 00:00:41]} Rxa3+ {[%clk 01:17:09]} {[%emt
00:00:17]} 44. Kxa3 {[%clk 00:20:32]} {[%emt 00:00:11]} Ke5 {[%clk 01:17:27]}
{[%emt 00:00:12]} 45. Bg8 {[%clk 00:19:32]} {[%emt 00:01:30]} Kd4 {[%clk
01:17:45]} {[%emt 00:00:11]} 46. Kb2 {[%clk 00:19:39]} {[%emt 00:00:24]} Kd3
{[%clk 01:18:03]} {[%emt 00:00:12]} 47. Bxh7 {[%clk 00:19:46]} {[%emt
00:00:24]} Kd2 {[%clk 01:18:04]} {[%emt 00:00:29]} 48. Bxg6 {[%clk 00:17:41]}
{[%emt 00:00:19]} c4 {[%clk 01:17:58]} {[%emt 00:02:52]} 49. h5 {[%clk
00:17:56]} {[%emt 00:00:09]} c3+ {[%clk 01:18:22]} {[%emt 00:00:11]} 50. Kb3
{[%clk 00:17:50]} {[%emt 00:00:36]} c5 {[%clk 01:18:42]} {[%emt 00:00:11]} 51.
h6 {[%emt 00:00:19]} c4+ {[%emt 00:00:09]} 52. Ka2 {[%clk 00:16:54]} {[%emt
00:00:48]} c2 {[%clk 01:19:04]} {[%emt 00:00:16]} 53. Bxc2 {[%clk 00:17:09]}
{[%emt 00:00:16]} Kxc2 {[%clk 01:19:27]} {[%emt 00:00:05]} 54. h7 {[%emt
00:00:49]} Kd1 {[%emt 00:00:05]} 55. h8=Q {[%clk 00:16:24]} {[%emt 00:00:16]}
Kd2 {[%clk 01:19:39]} {[%emt 00:00:24]} 56. Kb1 {[%clk 00:16:10]} {[%emt
00:00:39]} c3 {[%clk 01:19:56]} {[%emt 00:00:20]} 57. Qh7 {[%emt 00:00:15]} c2+
{[%emt 00:00:39]} 58. Qxc2+ {[%clk 00:15:38]} {[%emt 00:00:07]} 1-0

[Event "DEM U10w 2021"]
[Site "Willingen GER"]
[Date "2021.08.24"]
[Round "3"]
[White "Rössling, Laura Marie"]
[Black "Marrufo, Adriana"]
[Result "1-0"]
[Termination "normal"]
[Board "15"]
[WhiteElo "1094"]
[BlackElo "850"]
[WhiteClock "01:14:40"]
[BlackClock "01:03:18"]
[PlyCount "27"]
[WhiteFideId "16289471"]
[BlackFideId "34630252"]
[EventCountry "GER"]
[EventRounds "11"]
[EventType "swiss"]
[EventDate "2021.08.22"]

1. e4 {[%clk 01:15:59]} {[%emt 00:00:02]} e5 {[%clk 01:15:50]} {[%emt
00:00:10]} 2. Nf3 {[%clk 01:16:25]} {[%emt 00:00:04]} Nc6 {[%clk 01:15:46]}
{[%emt 00:00:34]} 3. Bc4 {[%clk 01:16:49]} {[%emt 00:00:07]} Bc5 {[%clk
01:15:44]} {[%emt 00:00:31]} 4. b4 {[%clk 01:16:43]} {[%emt 00:00:36]} Bxb4
{[%clk 01:10:13]} {[%emt 00:06:01]} 5. c3 {[%clk 01:16:59]} {[%emt 00:00:14]}
Bc5 {[%clk 01:09:32]} {[%emt 00:01:12]} 6. d4 {[%clk 01:17:17]} {[%emt
00:00:11]} exd4 {[%clk 01:09:31]} {[%emt 00:00:29]} 7. O-O {[%clk 01:17:29]}
{[%emt 00:00:19]} dxc3 {[%clk 01:07:12]} {[%emt 00:02:48]} 8. Nxc3 {[%clk
01:17:23]} {[%emt 00:00:39]} Nge7 {[%clk 01:05:56]} {[%emt 00:01:46]} 9. Ng5
{[%clk 01:17:06]} {[%emt 00:00:47]} O-O {[%clk 01:05:50]} {[%emt 00:00:36]} 10.
Qh5 {[%clk 01:15:25]} {[%emt 00:02:11]} Re8 {[%clk 01:04:26]} {[%emt 00:01:53]}
11. Nxf7 {[%clk 01:14:27]} {[%emt 00:01:30]} d6 {[%clk 01:03:18]} {[%emt
00:01:37]} 12. Nxd8+ {[%emt 00:00:17]} Kh8 13. Qxe8+ Ng8 14. Qxg8# {[%clk
01:14:40]} 1-0